Social landlords in Scotland (Record no. 109961)

MARC details
000 -LEADER
fixed length control field 01454cad a22002175a 4500
001 - CONTROL NUMBER
control field E148223
008 - FIXED-LENGTH DATA ELEMENTS--GENERAL INFORMATION
fixed length control field 090820s2009 xxk f 000 0 eng d
035 ## - SYSTEM CONTROL NUMBER
System control number (Sirsi) u148223
041 0# - LANGUAGE CODE
Language code of text/sound track or separate title eng
110 2# - MAIN ENTRY--CORPORATE NAME
Corporate name or jurisdiction name as entry element Scotland
Subordinate unit Scottish Housing Regulator
9 (RLIN) 5731
245 00 - TITLE STATEMENT
Title Social landlords in Scotland
Remainder of title shaping up for improvement
Medium [electronic resource]
260 ## - PUBLICATION, DISTRIBUTION, ETC.
Place of publication, distribution, etc. Glasgow
Name of publisher, distributor, etc. Scottish Housing Regulator
Date of publication, distribution, etc. 2009
300 ## - PHYSICAL DESCRIPTION
Extent Summary -- Introduction -- Context -- A snapshot of performance -- Landlord services -- Stock quality and management -- RSL finances -- RSL governance -- Other clients and service users: homeless households; owners; gypsies/travellers -- Emerging themes for the future -- Appendix 1: grading illustrations
520 ## - SUMMARY, ETC.
Summary, etc. Sets out the results of regulation and inspection work carried out by the Scottish Housing Regulator over the last five years, and makes recommendations for improvements. Finds that 53% of the housing services inspected were good or excellent, however just under half, equivalent to 320 000 households, were only adequate or poor.
521 ## - TARGET AUDIENCE NOTE
Target audience note Advanced
590 ## - LOCAL NOTE (RLIN)
Local note KA
651 #4 - SUBJECT ADDED ENTRY--GEOGRAPHIC NAME
Geographic name Scotland
Chronological subdivision 1999-
690 ## - LOCAL SUBJECT ADDED ENTRY--TOPICAL TERM (OCLC, RLIN)
Topical term or geographic name as entry element PROPERTY-RESIDENTIAL PROPERTY-DOMESTIC RESIDENTIAL PROPERTY-HOUSING
856 40 - ELECTRONIC LOCATION AND ACCESS
Uniform Resource Identifier <a href="https://www.scottishhousingregulator.gov.uk/stellent/groups/public/documents/webpages/SHR_SOCIALLANDLORDSINSCOTLAND_.hcsp">https://www.scottishhousingregulator.gov.uk/stellent/groups/public/documents/webpages/SHR_SOCIALLANDLORDSINSCOTLAND_.hcsp</a>
Public note View the report free of charge at www.scottishhousingregulator.gov.uk...
942 ## - ADDED ENTRY ELEMENTS (KOHA)
Suppress in OPAC 0
Holdings
Withdrawn status Lost status Source of classification or shelving scheme Damaged status Not for loan Home library Current library Shelving location Date acquired Total Checkouts Full call number Barcode Date last seen Copy number Price effective from Koha item type
    Dewey Decimal Classification     Virtual Virtual Online 20/08/2009   ONLINE PUBLICATION 148223-2001 06/08/2019 1 06/08/2019 Book